01723nam a2200385 a 4500001001000000003000500010005001700015008004100032010001100073011001100084040000900095090001000104100004200114245018300156260004100339500006000380502007600440590004000516590004000556590004000596590004000636590004000676650003000716650005300746650005300799650005100852700004600903856007000949901000701019942001001026942000601036999001901042952013601061952014001197000112031CHAP20220329144243.0151119s2015 mx a |sm |||||||spa d a108492 a109464 cCHAP aTesis1 aRodríguez Ibarra, Elizabeth913010210aMétodos estadísticos para la determinación de la homogeneidad de series climatológicash[En línea]cpor Elizabeth Rodríguez Ibarra y Beatriz Yolotzin Sanabria Campos. aChapingo, Méx. :bEl autor,c2015. aPara ver el contenido del material haga clic en la liga aTesis (Ingeniero en Irrigación) -- UACH. Departamento de Irrigación aE5652GLJb05c20151119lUCH01h0821 aE5652GLJb05c20151119lUCH01h1331 aE5652GLJb05c20151119lUCH01h1332 aE5652GLJb05c20151123lUCH01h1016 aE5652GLJb05c20151123lUCH01h131014aClimaxGuanajuato.92382914aClimatologíaxMétodos estadísticos.92386914aEstaciones meteorológicaszGuanajuato.913011314aTemperatura atmosféricaxMedición.91301141 aSanabria Campos, Beatriz Yolotzin9130103 aFinding aiduhttp://10.13.5.2/tesis/sist112031.pdfzTeclea aquí aBK cTESIS n0 c108492d108492 00104054718TESISaBCbBCd2015-11-23fTESISl0oTesisp33724002511504r2019-12-31 00:00:00w2019-12-31yTESISzRecien adquirido 00102local4053708TESISaBCbBCcPA_TESISd2015-11-23fTESISl0oTesisp33724002511678r2019-12-31 00:00:00tc.2w2019-12-31yTESIS